000
00328nam a22001337a 4500
008
171024b xxu||||| |||| 00| 0 eng d
020
_a
9781580250184
041
_a
eng
080
_2
2ND
_a
311
100
_a
55
101
_a
STA
245
_a
SAS SYSTEM FOR ELEMENTARY STATISTICAL ANALSYSIS
_c
SCHLOTZHAUER,S.D
942
_2
udc
_c
BK
999
_c
35655
_d
35655